Os retornados : um estudo sociográfico (Registo nº 199096)

Detalhes MARC
000 -Etiqueta do registo
Valores 00653nam 22002053 4500
100 ## - Dados gerais de processamento
Dados gerais 20251118d u||y0pory50 ba
200 ## - Titulo e menção de responsabilidade
Título próprio Os retornados : um estudo sociográfico
Primeira menção de responsabilidade R. Pena Pires... [et al.]
Outras menções de responsabilidade prefácio de Manuela Silva
205 ## - Menção da edição
Edição
210 ## - Publicação
Local de publicação Lisboa
Nome do editor Instituto de Estudos para o Desenvolvimento
Data de publicação 1984
215 ## - Descrição física 
Paginação / Volumes 228 p.
Outras indicações físicas il. ; brochado
Dimensões 24 cm
225 ## - Colecção 
Título próprio da colecção Caderno
Número de parte ou secção 14
606 ## - Nome comum usado como assunto
ID Autoridade 35
Palavra de ordem Sociologia. Demografia.Estatística
675 ## - CDU
Notação 31
Edição PT
Língua por
700 ## - Autor principal (pessoa individual)
ID Autoridade 14998
Apelido Pires
Nome Rui Pena
702 ## - Autor secundário (pessoa individual)
ID Autoridade 11420
Apelido Silva
Nome Manuela
Datas 1932-2019
801 ## - Fonte de origem
País PT
Agência BMMN
Regras de catalogação RPC
830 ## - Notas gerais do catalogador
Criado por Vanda
990 ## - Elementos KOHA
Tipo de documento Livro
Exemplares
Situação do levantamento Biblioteca de origem Código de barras Cota Permissão de empréstimo Tipo de documento Forma de aquisição
  Biblioteca Municipal de Montemor-o-Novo 27834 31 RET|DEP   Livro Compra

Powered by Koha